000 01097nas a2200361 4500
001 BR2013004828
003 BR-BrBNA
005 20231205122541.0
007 ta
008 230509b bl.|||p| |||| 00| 00por d
040 _aBR-BrBNA
_bpor
_cBiblioteca Nacional de Agricultura
041 _a(Pt)
072 _aF01
100 1 _aPrevitali, R. von Z.
100 1 _aTucci, M.L.S.
100 1 _aArruda, F.B.
100 1 _aPires, R.C. de M.
100 1 _aLagôa, A.M.M.A.
100 1 _a
100 1 _a
100 1 _a
245 1 _aEfeito da compactação do substrato no crescimento de mudas de pupunheira
246 1 _aPeach palm seedlings development as a function of the substrate compactation
650 _aPUPUNHA
650 _aBACTRIS GASIPAES
650 _aMUDA
650 _aCRESCIMENTO
650 _aSUBSTRATO DE CULTURA
773 0 _tRevista Árvore (Brazil)
_xISSN 0100-6762
_g(Mar-Apr 2012), v. 36(2) p. 259-268
_wBR2013004828
856 4 0 _uhttp://www.scielo.br/pdf/rarv/v36n2/a07v36n2.pdf
909 _a202311
_bLúcia
_c55
_dLúcia Elande
942 _2AGRIS
_n0
_cANA
999 _c229232
_d229232